| 000 | 01015cad a22002655a 4500 | ||
|---|---|---|---|
| 001 | L159622 | ||
| 008 | 080311s2014 xxkd f s 000 0 eng d | ||
| 035 | _a(Sirsi) u159622 | ||
| 041 | 0 | _aeng | |
| 050 | 0 | 4 | _a338.4569 $2 18 |
| 110 | 2 | _aAECOM | |
| 245 | 0 | 0 |
_aBlue Book _bproperty and construction handbook international edition 2014 _h[electronic resource] |
| 260 |
_a[S.l.] _bAECOM _c2014 |
||
| 520 | _aCovers building resilient places, enhancing the user experience, innovative construction, restructuring labor, technological transformation, alternative financing and global and regional construction costs. | ||
| 521 | 2 | _aAdvanced | |
| 590 | _aKA | ||
| 650 | 2 | 4 | _aCONSTRUCTION COSTS |
| 650 | 2 | 4 | _aGLOBAL CONSTRUCTION |
| 650 | 2 | 4 | _aTECHNOLOGY |
| 651 | 4 | _aInternational | |
| 690 | _aBUILT ENVIRONMENT-CONSTRUCTION MARKET | ||
| 710 | 1 | _aAECOM | |
| 856 | 4 | 0 |
_uhttps://www.aecom.com/wp-content/uploads/sites/2/2015/10/Blue-Book-2014.pdf _zView the item free of charge at www.aecom.com... |
| 942 | _n0 | ||
| 999 |
_c116056 _d116056 |
||